|
|
|
|
| LEADER |
00000naa2a2200000 4500 |
| 001 |
623878 |
| 005 |
20240209090255.0 |
| 035 |
|
|
|a (RuTPU)RU\TPU\conf\22992
|
| 035 |
|
|
|a RU\TPU\conf\22991
|
| 090 |
|
|
|a 623878
|
| 100 |
|
|
|a 20171004d2017 k y0rusy50 ca
|
| 101 |
0 |
|
|a rus
|
| 102 |
|
|
|a RU
|
| 105 |
|
|
|a y z 101zy
|
| 135 |
|
|
|a drcn ---uucaa
|
| 181 |
|
0 |
|a i
|
| 182 |
|
0 |
|a b
|
| 200 |
1 |
|
|a Межкультурное взаимодействие в области обеспечения безопасного использования атомной энергии
|f А. И. Татолина, Б. П. Степанов, Ю. В. Данейкин
|
| 203 |
|
|
|a Текст
|c электронный
|
| 225 |
1 |
|
|a Международный и национальный опыт в совершенствовании культуры безопасности ядерных объектов
|
| 300 |
|
|
|a Заглавие с экрана
|
| 320 |
|
|
|a [Библиогр.: с. 36 (1 назв.)]
|
| 463 |
|
0 |
|0 (RuTPU)RU\TPU\conf\22967
|t Физико-технические проблемы в науке, промышленности и медицине
|o сборник тезисов докладов IX Международной научно-практической конференции, г. Томск, 21-22 сентября 2017 г.
|f Национальный исследовательский Томский политехнический университет (ТПУ) ; под ред. С. А. Байдали [и др.]
|v [С. 36]
|d 2017
|
| 610 |
1 |
|
|a труды учёных ТПУ
|
| 610 |
1 |
|
|a электронный ресурс
|
| 610 |
1 |
|
|a атомная отрасль
|
| 610 |
1 |
|
|a атомная энергетика
|
| 610 |
1 |
|
|a ядерное образование
|
| 610 |
1 |
|
|a профессиональная подготовка
|
| 610 |
1 |
|
|a ТПУ
|
| 700 |
|
1 |
|a Татолина
|b А. И.
|
| 701 |
|
1 |
|a Степанов
|b Б. П.
|c специалист в области атомной энергетики
|c доцент Томского политехнического университета, кандидат технических наук
|f 1960-
|g Борис Павлович
|3 (RuTPU)RU\TPU\pers\29389
|9 13970
|
| 701 |
|
1 |
|a Данейкин
|b Ю. В.
|c физик
|c доцент Томского политехнического университета, кандидат физико-математических наук
|f 1978-
|g Юрий Викторович
|3 (RuTPU)RU\TPU\pers\25387
|
| 712 |
0 |
2 |
|a Национальный исследовательский Томский политехнический университет (ТПУ)
|c (2009- )
|3 (RuTPU)RU\TPU\col\15902
|
| 801 |
|
2 |
|a RU
|b 63413507
|c 20171006
|g RCR
|
| 856 |
4 |
|
|u http://earchive.tpu.ru/handle/11683/43130
|
| 942 |
|
|
|c BK
|